| 000 | 00434nam a2200157Ia 4500 | ||
|---|---|---|---|
| 008 | 210716s1997 xx 000 0 und d | ||
| 020 | _a817029858X | ||
| 041 | _aeng | ||
| 082 | _a005.263W COWR | ||
| 100 | _aCowart, Robert; Waters, Boyd. | ||
| 245 |
_aWindows NT server 4: no experience required. _bNo experience required. |
||
| 250 | _a1 | ||
| 260 |
_aNew Delhi _bBPB Publications _c1997 |
||
| 300 | _axxiii,488 | ||
| 650 | _aNone | ||
| 999 |
_c183400 _d183400 |
||